|
|
|
|
| LEADER |
00000naa0a2200000 4500 |
| 001 |
662657 |
| 005 |
20250812133946.0 |
| 035 |
|
|
|a (RuTPU)RU\TPU\network\33812
|
| 035 |
|
|
|a RU\TPU\network\33803
|
| 090 |
|
|
|a 662657
|
| 100 |
|
|
|a 20200921d2020 k y0rusy50 ca
|
| 101 |
0 |
|
|a rus
|
| 102 |
|
|
|a RU
|
| 135 |
|
|
|a drcn ---uucaa
|
| 181 |
|
0 |
|a i
|
| 182 |
|
0 |
|a b
|
| 200 |
1 |
|
|a О влиянии средней мощности дугового разряда постоянного тока на фазовый продукт синтеза в системе «молибден - углерод»
|f А. Я. Пак, П. Н. Кононенко
|
| 203 |
|
|
|a Текст
|c электронный
|
| 300 |
|
|
|a Заглавие с экрана
|
| 320 |
|
|
|a [Библиогр.: с. 40 (5 назв.)]
|
| 463 |
|
|
|t Молодежная научная конференция АНТОК
|o тезисы докладов, Москва, 6-7 декабря 2019
|v [С. 39-40]
|d 2020
|
| 610 |
1 |
|
|a электронный ресурс
|
| 610 |
1 |
|
|a труды учёных ТПУ
|
| 610 |
1 |
|
|a молибден-углерод
|
| 700 |
|
1 |
|a Пак
|b А. Я.
|c специалист в области электротехники
|c профессор Томского политехнического университета, доктор технических наук
|f 1986-
|g Александр Яковлевич
|3 (RuTPU)RU\TPU\pers\30051
|9 14481
|
| 701 |
|
1 |
|a Кононенко
|b П. Н.
|g Полина Никаноровна
|
| 712 |
0 |
2 |
|a Национальный исследовательский Томский политехнический университет
|b Инженерная школа энергетики
|b Научно-исследовательский центр "Экоэнергетика 4.0"
|3 (RuTPU)RU\TPU\col\27583
|
| 801 |
|
2 |
|a RU
|b 63413507
|c 20200921
|g RCR
|
| 856 |
4 |
|
|u https://akstsrussia.files.wordpress.com/2020/04/57_d09ad0bed0bdd184d0b5d180d0b5d0bdd186d0b8d18f_d09cd09ed0a1d09ad092d090.pdf#page=40
|
| 942 |
|
|
|c CF
|